000 01971nam a2200241Ia 4500
000 02282naaa 00301uu
001 https://directory.doabooks.org/handle/20.500.12854/44937
005 20260218105628.0
008 211013s9999 xx 000 0 und d
020 _a9783038427445
024 _a10.3390/books978-3-03842-743-8
042 _adc
245 0 _aDevelopment and Application of Optical Coherence Tomography (Oct)
260 _bMDPI - Multidisciplinary Digital Publishing Institute
_c2018
300 _a1 electronic resource (212 p.)
520 _aThis special feature issue has been initiated to celebrate the 25th anniversary of Optical Coherence Tomography (OCT). In OCT, broad bandwidth light is used in order to produce cross sectional images of turbid and translucent samples with high axial resolution (in the order of a few ??m). The imaging speed of OCT can be as high as several millions of depth scans (A-scans) per second which allows for various applications in different fields. This special feature issue consists of three overview papers covering OCT angiography, polarization-sensitive OCT and dental applications of OCT. Additional applications and the latest developments in OCT are covered in nine research papers. The latest developments presented in this issue include magnetomotive OCT, resonant Doppler OCT, full field OCT, new segmentation algorithms and depth range extension. Applications of OCT are widely spread and range from quality control in tooth prostheses and coating thickness measurements in the automotive industry to the assessment of degradation of coatings and alveolar dynamics.
540 _aCreative Commons
653 _aBiomedical Engineering
700 1 _aMichael Pircher
_eeditor
856 _uhttps://docs.google.com/spreadsheets/d/1yKIrdCPDAG_9c22mwoOIO2DOhtj65Wqa/edit?usp=sharing&ouid=106555315294820607512&rtpof=true&sd=true
_yList of Curated E-Books
942 _cE-BOOK
999 _c46359
_d46359